000 00885nam a2200229Ii 4500
003 JO-AjNU
008 230605s9999||||xx |||||||||||||| ||und||
017 _a2004/3/714
020 _a995716027-3
040 _aJO-AjNU
_bara
_erda
_cJO-AjNU
041 _aara
050 1 4 _aKMM1043.A2838.2005
100 3 _a أبو الهيجاء، لؤي ماجد ذيب,
_eauthor
_912402
245 0 0 _aالتأمين ضد حوادث السيارات " دراسة مقارنة ، الاردن ومصر "
250 _a(د،ط)
264 3 1 _aعمان : دار الثقافة ، 2004
300 _a252ص
336 _atext
_btxt
_2rdacontent
337 _aunmediated
_bn
_2rdamedia
338 _avolume
_bnc
_2rdacarrier
650 4 _aالتأمين على السيارات -- التأمين الإجباري -- التأمين ضد الحوادث -- التأمين على الممتلكات
_912403
999 _aA2818
_c6386
_d6386